El cuidado de concepto analítico a agenda política /

שמור ב:
מידע ביבליוגרפי
מחבר ראשי: Esquivel, Valeria
פורמט: Texto
תגים: הוספת תג
אין תגיות, היה/י הראשונ/ה לתייג את הרשומה!

MARC

LEADER 00000 a a2200000 04500
001 48767
003
040
100 |a Esquivel, Valeria  
245 |a El cuidado de concepto analítico a agenda política /  |c Valeria Esquivel  
773 |a número256, (2015), páginas 63-88  
999 |c 31734  |d 31734